=LDR 00000nam 2200000 4500 =001 INLIS000000000000778 =005 20130612085216 =008 ***********************************Ind** =035 ##$$0010-061300000000778 =041 ##$$a Ind =082 ##$$a 92(Mattaliu) =090 ##$$a 92(mattaliu), Mat-p =100 ##$$a Mattaliu, Bahar M =245 ##$$a Pemberontakan meniti jalur kanan, M. /bahar Mattaliu =260 ##$$a 1994 $b Jakarta =300 ##$$a xv, 328 hlm, ilus, 21 cm =650 ##$$a Mattaliu, Bahar M, 1924 =850 ##$$a NBPNMAT